000 00811nam a2200253Ia 4500
003 OSt
005 20220925232507.0
006 a|||||r|||| 00| 0
007 ta
008 220923b |||||||| |||| 00| 0 eng d
020 _a8179925854
_c318.75
037 _b5674, 30/01/2016, RAJKIRAN BOOK AGENCY
_cGeneral Book
040 _aRTL
_cRTL
_beng
041 _2eng
_aeng
082 _aX:87, P6
100 _aHAINES Stephen
_9297375
245 0 _aStrategic thinking for leaders
_b The systems thinking approach
260 _aMumbai
_bJaico Publishing House
_c2006
300 _a219p
_ccm.
500 _aBibliography chapterwise.; Note: with CD
650 _aCommerce
942 _hX:87, P6
_cGB
_2CC
999 _c591511
_d591511